| 000 | nam a22 7a 4500 | ||
|---|---|---|---|
| 999 |
_c24449 _d24449 |
||
| 008 | 170128b xxu||||| |||| 00| 0 eng d | ||
| 020 | _a0192541552 | ||
| 050 | _aPR 3620 .P67 1966 | ||
| 100 | _a[edited by Davis, Herbert] | ||
| 245 |
_aPoetical works/ _cHerbert Davis. |
||
| 260 |
_aLondon : _bOxford University Press, _c1966. |
||
| 300 |
_axv, 754p. : _bill. ; _c23cm. |
||
| 500 | _aInclude index. | ||
| 650 | _aEnglish poetry. | ||
| 942 |
_2lcc _cBOOKS _hPR 3620 .P67 1966 |
||